Associez le Pokémon à sa forme Paradoxe - Clic Quiz - Statistiques

Statistiques générales
  • Ce quiz a été pris 66 fois
  • Le résultat moyen est 16 sur 19
Statistiques - réponses
Hint Réponse % Correct
Fort-Ivoire / Roue-de-Fer Donphan
92%
Koraidon / Miraidon Motorizard
92%
Serpente-Eau Suicune
92%
Hotte-de-Fer Cadoizo
88%
Feu-Perçant Entei
88%
Paume-de-Fer Hariyama
88%
Ire-Foudre Raikou
88%
Flotte-Mèche Feuforêve
87%
Rampes-Ailes / Mite-de-Fer Pyrax
87%
Vert-de-Fer Viridium
87%
Garde-de-Fer Gardevoir / Gallame
83%
Fongus-Furie Gaulet
83%
Pelage-Sablé Magnéton
83%
Rugit-Lune Méga-Drattak
83%
Roc-de-Fer Terrakium
83%
Hurle-Queue Rondoudou
81%
Épine-de-Fer Tyranocif
81%
Chef-de-Fer Cobaltium
79%
Têtes-de-Fer Trioxhydre
77%
Aucun quiz correspondant
Distribution des résultats
% des personnes avec chaque résultat
Percentile par nombre de réponses
Votre historique - résultats
Vous n’avez pas pris ce quiz